000 00684cam a22002293a 4500
001 11394
003 PGUSA
005 20140828083236.0
008 040301s2004||||xxu|||||s|||||000 | eng d
040 _aPGUSA
_beng
042 _adc
050 4 _aD501
100 1 _aPowell, E. Alexander
_q(Edward Alexander),
_d1879-1957
245 1 0 _aFighting in Flanders
_h[electronic resource] /
_cE. Alexander Powell
260 _bProject Gutenberg,
_c2004
506 _aPublic domain in the USA.
516 _aElectronic text
653 _aWorld War, 1914-1918 -- Campaigns -- Belgium
830 0 _aProject Gutenberg
_v11394
856 4 0 _uhttp://www.gutenberg.org/ebooks/11394
942 _cEB
999 _c240649
_d240649